[Event "España ch 2010 sub18"]
[Site "Linares ESP"]
[Date "2010.07.26"]
[Round "2.10"]
[White "Alshameary Puente, Ismael"]
[Black "Coll Ortega, Jordi"]
[Result "0-1"]
[WhiteElo "2021"]
[BlackElo "2248"]
[PlyCount "101"]
[EventDate "2010.07.26"]
[EventType "swiss"]
[EventRounds "9"]
[EventCountry "ESP"]
[Source "lmi"]
[SourceDate "2010.07.26"]

1. e4 c5 2. Nf3 e6 3. d4 cxd4 4. Nxd4 Nc6 5. Nb5 d6 6. Bf4 e5 7. Be3 Nf6 8. Bg5
a6 9. N5c3 Be7 10. Nd2 b5 11. Bxf6 Bxf6 12. a4 b4 13. Nd5 Bb7 14. Nc4 Nd4 15.
Nxf6+ gxf6 16. c3 d5 17. cxd4 dxc4 18. Bxc4 Bxe4 19. Qe2 Bxg2 20. Rg1 Bd5 21.
Bxa6 Qd6 22. Bb5+ Ke7 23. dxe5 Qxe5 24. Rd1 Be6 25. Rg3 Rac8 26. Qxe5 fxe5 27.
Re3 Rhg8 28. Rg3 Rg6 29. f3 Rh6 30. Rg2 Rc5 31. Ke2 Rh3 32. Rd3 Rc2+ 33. Rd2
Rxd2+ 34. Kxd2 Rxf3 35. a5 Bd5 36. Re2 Kd6 37. Kc2 b3+ 38. Kd2 f6 39. a6 Kc5
40. Bd3 Kb6 41. h4 h6 42. Re1 Rg3 43. Rf1 Bf3 44. Be2 e4 45. Bc4 Rg2+ 46. Kc3
Rc2+ 47. Kxb3 Rxc4 48. Kxc4 Be2+ 49. Kd4 Bxf1 50. Kxe4 Bh3 51. Kd4 0-1

[Event "España ch 2010 sub18"]
[Site "Linares ESP"]
[Date "2010.07.26"]
[Round "2.11"]
[White "Alcaraz Ortega, Javier"]
[Black "Castell Cantero, Salvador"]
[Result "1-0"]
[WhiteElo "2242"]
[BlackElo "2013"]
[PlyCount "133"]
[EventDate "2010.07.26"]
[EventType "swiss"]
[EventRounds "9"]
[EventCountry "ESP"]
[Source "lmi"]
[SourceDate "2010.07.26"]

1. Nf3 d5 2. d4 c6 3. Bf4 e6 4. e3 f5 5. c4 Nf6 6. Nc3 Be7 7. Bd3 O-O 8. h3 h6
9. g4 Qb6 10. Rb1 Ne4 11. gxf5 exf5 12. h4 Be6 13. c5 Qd8 14. Qc2 Nd7 15. b4
Ndf6 16. Ne5 Nh5 17. Ng6 Nxf4 18. exf4 Re8 19. Ne2 Bf7 20. Nxe7+ Qxe7 21. Rh3
Bh5 22. Kf1 Bg4 23. Rh2 Qf7 24. Ng1 Qh5 25. Qc1 Re7 26. Rb3 Bd1 27. Bc2 Bxc2
28. Qxc2 Rae8 29. Nf3 Qg4 30. Qc1 Nf6 31. Ne5 Qh5 32. f3 Nd7 33. Qd2 Nxe5 34.
fxe5 Re6 35. Qf4 Rf8 36. Rg2 Rg6 37. Rxg6 Qxg6 38. Rb2 Qf7 39. Re2 Re8 40. Kf2
Re6 41. Re1 Kh7 42. Rg1 g6 43. a4 a6 44. Ke3 h5 45. Qg5 Qc7 46. Rb1 Kg7 47. Kf4
Kh7 48. Kg3 Kg7 49. Qd2 b5 50. cxb6 Qxb6 51. Rb2 Re7 52. Qc3 Rb7 53. f4 Kf7 54.
Kf3 Qc7 55. Qc5 Kg7 56. e6 Qe7 57. Qxc6 Rc7 58. Qxd5 Qxh4 59. Qe5+ Kh6 60. Qxc7
Qh3+ 61. Ke2 Qg2+ 62. Kd3 Qxb2 63. Qc3 Qb1+ 64. Kc4 Qa2+ 65. Qb3 Qe2+ 66. Kc5
Kg7 67. Qc3 1-0

[Event "España ch 2010 sub18"]
[Site "Linares ESP"]
[Date "2010.07.26"]
[Round "2.12"]
[White "Cruz Lledo, Pablo"]
[Black "Shatko, Danil"]
[Result "1-0"]
[WhiteElo "2239"]
[BlackElo "2011"]
[PlyCount "47"]
[EventDate "2010.07.26"]
[EventType "swiss"]
[EventRounds "9"]
[EventCountry "ESP"]
[Source "lmi"]
[SourceDate "2010.07.26"]

1. d4 d5 2. Nf3 Nf6 3. e3 c6 4. Bd3 e6 5. b3 Nbd7 6. Bb2 Bd6 7. Ne5 c5 8. Nd2
Qc7 9. f4 a6 10. a4 b6 11. O-O Rb8 12. Qe2 Qb7 13. c4 O-O 14. Ndf3 dxc4 15.
bxc4 Rd8 16. Ng5 Rf8 17. e4 cxd4 18. Nxd7 Nxd7 19. e5 h6 20. exd6 hxg5 21. fxg5
Nc5 22. Bh7+ Kxh7 23. Qh5+ Kg8 24. g6 1-0

[Event "España ch 2010 sub18"]
[Site "Linares ESP"]
[Date "2010.07.26"]
[Round "2.13"]
[White "Pruja Ramirez De Cartagena, Marc"]
[Black "De La Cruz Revilla, Miguel"]
[Result "1/2-1/2"]
[WhiteElo "2228"]
[BlackElo "1994"]
[PlyCount "94"]
[EventDate "2010.07.26"]
[EventType "swiss"]
[EventRounds "9"]
[EventCountry "ESP"]
[Source "lmi"]
[SourceDate "2010.07.26"]

1. e4 d6 2. d4 g6 3. Nc3 Bg7 4. Be3 Nf6 5. Qd2 Nbd7 6. Nf3 O-O 7. Bd3 c6 8. h3
b5 9. O-O Nb6 10. a4 Nc4 11. Bxc4 bxc4 12. Bh6 Rb8 13. Bxg7 Kxg7 14. Ra2 Qa5
15. Re1 Qh5 16. Qf4 Qh6 17. Qxh6+ Kxh6 18. Nd2 e5 19. dxe5 dxe5 20. f3 Be6 21.
Kf2 Rb7 22. Nf1 Rfb8 23. Nd1 Nd7 24. Nfe3 a5 25. Re2 Nc5 26. Ra3 Rb4 27. Nc3
Rxb2 28. Rd2 Nb3 29. Re2 Nd4 30. Rd2 R8b3 31. Ra2 Rxa2 32. Nxa2 Ra3 33. Nc1
Rxa4 34. f4 f6 35. fxe5 fxe5 36. Ne2 Nb5 37. Rd8 c3 38. Re8 Bc4 39. Rxe5 Bxe2
40. Kxe2 Rd4 41. Rc5 Rxe4 42. Kf3 Re6 43. Rc4 Rf6+ 44. Kg3 Rd6 45. Ra4 Rd2 46.
Rxa5 Nd4 47. Rc5 Nxc2 1/2-1/2

[Event "España ch 2010 sub18"]
[Site "Linares ESP"]
[Date "2010.07.26"]
[Round "2.14"]
[White "Navarro Molina, David"]
[Black "Martinez Ramirez, Erik"]
[Result "1/2-1/2"]
[WhiteElo "2012"]
[BlackElo "2216"]
[PlyCount "138"]
[EventDate "2010.07.26"]
[EventType "swiss"]
[EventRounds "9"]
[EventCountry "ESP"]
[Source "lmi"]
[SourceDate "2010.07.26"]

1. d4 Nf6 2. c4 g6 3. Nc3 d5 4. cxd5 Nxd5 5. e4 Nxc3 6. bxc3 Bg7 7. Be3 c5 8.
Qd2 Qa5 9. Rc1 cxd4 10. cxd4 Qxd2+ 11. Kxd2 O-O 12. Bd3 Rd8 13. Ne2 Nc6 14. Rc4
f5 15. f3 e6 16. Rb1 h6 17. h4 Bd7 18. Nc3 Be8 19. e5 Bf8 20. g4 b6 21. Ne2 Na5
22. Rc7 Rdc8 23. Rxc8 Rxc8 24. Nf4 Kf7 25. h5 g5 26. Nxe6 f4 27. Bg1 Nc4+ 28.
Ke2 Na3 29. Rd1 Nb5 30. Kf1 Nc3 31. Rc1 Ba3 32. Re1 Bd7 33. d5 Bxe6 34. dxe6+
Ke7 35. Bf5 Rd8 36. Bf2 Rd2 37. Bg1 Rd8 38. Kg2 Rd2+ 39. Kf1 Rd5 40. Kg2 Nxa2
41. Re2 Nb4 42. Bf2 Bc1 43. Be1 Nd3 44. Bc3 Be3 45. Rc2 Nc5 46. Bb4 Rxe5 47.
Kf1 Rd5 48. Ke2 a5 49. Bxc5+ Bxc5 50. Rd2 Kd6 51. Rxd5+ Kxd5 52. Kd3 Bb4 53.
Be4+ Kxe6 54. Kc4 Bc5 55. Kb5 Ke5 56. Bc6 Kd4 57. Ka4 Kc4 58. Bb5+ Kd5 59. Bd7
Bf2 60. Kb5 Kd6 61. Be8 Bc5 62. Bg6 Kd5 63. Be8 Kd4 64. Bc6 Kc3 65. Ka4 Be7 66.
Bd7 Kc4 67. Be8 Bb4 68. Bd7 Kc5 69. Be8 Bc3 1/2-1/2

[Event "España ch 2010 sub18"]
[Site "Linares ESP"]
[Date "2010.07.26"]
[Round "2.15"]
[White "De Nacimiento Montaño, Angel"]
[Black "Salido Polo, Veronica"]
[Result "0-1"]
[WhiteElo "2193"]
[BlackElo "1984"]
[PlyCount "68"]
[EventDate "2010.07.26"]
[EventType "swiss"]
[EventRounds "9"]
[EventCountry "ESP"]
[Source "lmi"]
[SourceDate "2010.07.26"]

1. d4 Nf6 2. Nf3 g6 3. g3 Bg7 4. Bg2 O-O 5. O-O d6 6. c4 Nbd7 7. Nc3 c5 8. e4
cxd4 9. Nxd4 Qb6 10. Nb3 Ne5 11. Be3 Qb4 12. Nd5 Nxd5 13. cxd5 Nc4 14. Bg5 Nxb2
15. Qc2 Bd7 16. Qc7 Bb5 17. Bxe7 Rfc8 18. Qxb7 Rab8 19. Qxa7 Bxf1 20. Rxf1 Rb7
21. Bxd6 Qxb3 22. axb3 Rxa7 23. Bh3 Rd8 24. e5 Bf8 25. Rb1 Bxd6 26. exd6 Nd3
27. Rd1 Nc5 28. Rc1 Nxb3 29. Rc3 Rb7 30. d7 f5 31. d6 Nd4 32. Rd3 Rb1+ 33. Kg2
Nb5 34. g4 Rxd7 0-1

[Event "España ch 2010 sub18"]
[Site "Linares ESP"]
[Date "2010.07.27"]
[Round "3.1"]
[White "Aranaz Murillo, Amalia"]
[Black "Arribas Lopez, Angel"]
[Result "0-1"]
[WhiteElo "2190"]
[BlackElo "2442"]
[PlyCount "96"]
[EventDate "2010.07.26"]
[EventType "swiss"]
[EventRounds "9"]
[EventCountry "ESP"]
[Source "lmi"]
[SourceDate "2010.07.26"]

1. Nf3 d6 2. d4 g6 3. c4 Bg7 4. Nc3 Nf6 5. e4 O-O 6. Be2 Na6 7. Bf4 Nd7 8. Qd2
e5 9. Bh6 exd4 10. Bxg7 Kxg7 11. Qxd4+ Qf6 12. O-O Re8 13. Rfd1 Qxd4 14. Nxd4
Ndc5 15. f3 Ne6 16. Ncb5 Re7 17. Bf1 Bd7 18. Rac1 Nxd4 19. Nxd4 f5 20. exf5
gxf5 21. Re1 Rae8 22. Rxe7+ Rxe7 23. Kf2 Kf6 24. a3 c5 25. Ne2 Bc6 26. Nc3 Nc7
27. Rd1 Rd7 28. b4 b6 29. f4 Ne6 30. g3 Nd4 31. b5 Bf3 32. Bg2 Bxd1 33. Nxd1 d5
34. Bxd5 Nxb5 35. a4 Nc7 36. Ne3 Nxd5 37. Nxd5+ Ke6 38. Nc3 Rd3 39. Nb5 a6 40.
Nc7+ Kd7 41. Nd5 b5 42. axb5 axb5 43. Nf6+ Ke6 44. Nxh7 b4 45. Ng5+ Kf6 46. Ke2
Rc3 47. Kd2 Rxc4 48. Nf3 b3 0-1

[Event "España ch 2010 sub18"]
[Site "Linares ESP"]
[Date "2010.07.27"]
[Round "3.2"]
[White "Moreno Martin, Daniel"]
[Black "Forcen Esteban, Daniel"]
[Result "0-1"]
[WhiteElo "2164"]
[BlackElo "2379"]
[PlyCount "68"]
[EventDate "2010.07.26"]
[EventType "swiss"]
[EventRounds "9"]
[EventCountry "ESP"]
[Source "lmi"]
[SourceDate "2010.07.26"]

1. e4 c5 2. Nf3 d6 3. d4 cxd4 4. Nxd4 Nf6 5. Nc3 a6 6. Be2 e5 7. Nb3 Be7 8. O-O
O-O 9. Kh1 b5 10. a4 b4 11. Nd5 Nxd5 12. exd5 a5 13. c4 Nd7 14. f4 Ba6 15. Be3
Re8 16. Rc1 Bf6 17. Qd2 Rc8 18. Bd3 Kh8 19. Rf2 exf4 20. Bxf4 Ne5 21. Bxe5 Rxe5
22. Qd1 g6 23. Nxa5 Bh4 24. Rxf7 Re1+ 25. Qxe1 Bxe1 26. Rxe1 Qg5 27. Ree7 Qc1+
28. Bf1 Qxb2 29. Ra7 Kg8 30. Nc6 Rf8 31. Rg7+ Qxg7 32. Rxg7+ Kxg7 33. Kg1 b3
34. Nd4 Rxf1+ 0-1

[Event "España ch 2010 sub18"]
[Site "Linares ESP"]
[Date "2010.07.27"]
[Round "3.3"]
[White "Garcia Salamero, Gabriel"]
[Black "Herrera Delgado, Alejandro"]
[Result "0-1"]
[WhiteElo "2157"]
[BlackElo "2316"]
[PlyCount "72"]
[EventDate "2010.07.26"]
[EventType "swiss"]
[EventRounds "9"]
[EventCountry "ESP"]
[Source "lmi"]
[SourceDate "2010.07.26"]

1. e4 c5 2. Nf3 d6 3. d4 cxd4 4. Nxd4 Nf6 5. Nc3 g6 6. g3 Nc6 7. Nde2 Bg7 8.
Bg2 O-O 9. O-O Rb8 10. a4 a6 11. h3 b5 12. axb5 axb5 13. Be3 b4 14. Nd5 Nd7 15.
Nd4 Bxd4 16. Bxd4 e6 17. Ne3 e5 18. Ba7 Rb7 19. Qxd6 Nxa7 20. Nd5 Nb5 21. Qxb4
Nd4 22. Qd6 Rxb2 23. c3 Nb5 24. Qc6 Nb8 25. Qa8 Be6 26. c4 Nd4 27. Rab1 Rxb1
28. Rxb1 Nbc6 29. Qa3 Qa8 30. Qc5 Qa2 31. Rd1 Qc2 32. Rxd4 exd4 33. Qxc6 d3 34.
Qd6 Bxd5 35. Qxd5 Qd1+ 36. Bf1 d2 0-1

[Event "España ch 2010 sub18"]
[Site "Linares ESP"]
[Date "2010.07.27"]
[Round "3.4"]
[White "Colon Garcia, Enrique"]
[Black "Ladron De Guevara Pinto, Paolo"]
[Result "1/2-1/2"]
[WhiteElo "2314"]
[BlackElo "2188"]
[PlyCount "24"]
[EventDate "2010.07.26"]
[EventType "swiss"]
[EventRounds "9"]
[EventCountry "ESP"]
[Source "lmi"]
[SourceDate "2010.07.26"]

1. e4 e5 2. Nf3 Nc6 3. Bb5 a6 4. Ba4 Nf6 5. O-O Nxe4 6. d4 exd4 7. Re1 d5 8.
Nxd4 Bd6 9. Nxc6 Bxh2+ 10. Kxh2 Qh4+ 11. Kg1 Qxf2+ 12. Kh1 Qh4+ 1/2-1/2

[Event "España ch 2010 sub18"]
[Site "Linares ESP"]
[Date "2010.07.27"]
[Round "3.5"]
[White "Gil Quilez, David"]
[Black "Martin Fuentes, Alberto"]
[Result "1/2-1/2"]
[WhiteElo "2133"]
[BlackElo "2297"]
[PlyCount "57"]
[EventDate "2010.07.26"]
[EventType "swiss"]
[EventRounds "9"]
[EventCountry "ESP"]
[Source "lmi"]
[SourceDate "2010.07.26"]

1. e4 e6 2. d4 d5 3. Nc3 Bb4 4. e5 c5 5. Bd2 Nc6 6. Nb5 Bxd2+ 7. Qxd2 Nxd4 8.
Nxd4 cxd4 9. f4 Ne7 10. Nf3 Nc6 11. Nxd4 Nxd4 12. Qxd4 Qa5+ 13. c3 Bd7 14. Bd3
O-O-O 15. a4 Kb8 16. b4 Qc7 17. O-O Rc8 18. Ra3 h6 19. Rc1 g5 20. Rf1 gxf4 21.
Rxf4 f5 22. Be2 Rhg8 23. Kf2 a5 24. b5 Qc5 25. Qxc5 Rxc5 26. Rh4 Rg6 27. g3 Kc7
28. Ke3 Kd8 29. Kd4 1/2-1/2

[Event "España ch 2010 sub18"]
[Site "Linares ESP"]
[Date "2010.07.27"]
[Round "3.6"]
[White "Chueca Forcen, Alberto"]
[Black "Donoso Sanchez, Alejandro"]
[Result "1-0"]
[WhiteElo "2280"]
[BlackElo "2159"]
[PlyCount "95"]
[EventDate "2010.07.26"]
[EventType "swiss"]
[EventRounds "9"]
[EventCountry "ESP"]
[Source "lmi"]
[SourceDate "2010.07.26"]

1. d4 Nf6 2. c4 c5 3. d5 e6 4. Nc3 exd5 5. cxd5 d6 6. e4 g6 7. f4 Bg7 8. Bb5+
Nfd7 9. Nf3 a6 10. Bd3 b5 11. O-O O-O 12. Kh1 Re8 13. Qe1 c4 14. Bc2 Nc5 15.
Be3 b4 16. Bxc5 bxc3 17. Bd4 Bxd4 18. Nxd4 cxb2 19. Rb1 Nd7 20. Rxb2 Nf6 21.
Qb1 Ng4 22. h3 Qh4 23. Qe1 Qxe1 24. Rxe1 Nf6 25. Rbb1 Bd7 26. Rb6 Bf5 27. Nxf5
gxf5 28. Rxd6 Nxe4 29. Bxe4 Rxe4 30. Rxe4 fxe4 31. Rc6 e3 32. Rxc4 Re8 33. Rc1
Kf8 34. Re1 Re4 35. g3 Rd4 36. Rxe3 Rxd5 37. Ra3 a5 38. Kg2 f5 39. g4 Kg7 40.
Kf3 Kg6 41. Rb3 Rc5 42. Ke3 Rd5 43. Rb6+ Kf7 44. Ra6 Rc5 45. g5 Rd5 46. h4 Rc5
47. h5 Kg8 48. a4 1-0

[Event "España ch 2010 sub18"]
[Site "Linares ESP"]
[Date "2010.07.27"]
[Round "3.7"]
[White "Coll Ortega, Jordi"]
[Black "Subirats Ruiz, Sergi"]
[Result "0-1"]
[WhiteElo "2248"]
[BlackElo "2138"]
[PlyCount "88"]
[EventDate "2010.07.26"]
[EventType "swiss"]
[EventRounds "9"]
[EventCountry "ESP"]
[Source "lmi"]
[SourceDate "2010.07.26"]

1. d4 Nf6 2. c4 g6 3. g3 Bg7 4. Bg2 d5 5. cxd5 Nxd5 6. Nf3 O-O 7. O-O c5 8. e4
Nb6 9. d5 Bg4 10. Nc3 N8d7 11. h3 Bxf3 12. Qxf3 e5 13. dxe6 fxe6 14. Qg4 Qe7
15. Bg5 Qf7 16. Qe2 Ne5 17. f4 Nec4 18. e5 h6 19. Bh4 Qc7 20. Ne4 g5 21. fxg5
Qxe5 22. gxh6 Qxb2 23. Qxb2 Bxb2 24. Rae1 Bd4+ 25. Kh2 Ne3 26. Nf6+ Kh8 27. Rf4
Nxg2 28. Kxg2 Nd5 29. Nxd5 exd5 30. Re7 b5 31. Rd7 a5 32. Rxd5 Rxf4 33. gxf4
Kh7 34. Bg5 b4 35. f5 Ra7 36. Kf3 a4 37. Rd6 b3 38. axb3 a3 39. Rxd4 cxd4 40.
Bf6 Rd7 41. Ke4 a2 42. Bxd4 Rxd4+ 43. Kxd4 a1=Q+ 44. Kc5 Qc3+ 0-1

[Event "España ch 2010 sub18"]
[Site "Linares ESP"]
[Date "2010.07.27"]
[Round "3.8"]
[White "Martinez Lopez, David"]
[Black "Alcaraz Ortega, Javier"]
[Result "1-0"]
[WhiteElo "2110"]
[BlackElo "2242"]
[PlyCount "87"]
[EventDate "2010.07.26"]
[EventType "swiss"]
[EventRounds "9"]
[EventCountry "ESP"]
[Source "lmi"]
[SourceDate "2010.07.26"]

1. e4 g6 2. d4 Bg7 3. Nc3 d6 4. Be3 a6 5. Bd3 b5 6. Qf3 Bb7 7. a4 b4 8. Nce2
Nd7 9. Nh3 Ngf6 10. g4 h6 11. g5 hxg5 12. Nxg5 e6 13. c3 bxc3 14. bxc3 Qe7 15.
O-O Nh5 16. Qg2 a5 17. Rab1 Bc6 18. Bb5 Bxb5 19. Rxb5 c6 20. Rb7 d5 21. e5 O-O
22. Ng3 Nxg3 23. hxg3 Rfb8 24. Rxb8+ Rxb8 25. Qh3 c5 26. Kg2 Kf8 27. Qh7 Rb3
28. Nf3 c4 29. Rh1 Qa3 30. Bh6 Bxh6 31. Rxh6 Ke8 32. Qg7 Qe7 33. Rh8+ Nf8 34.
Ng5 Rb8 35. Nh7 Kd7 36. Nxf8+ Kc7 37. Nxg6 Qd7 38. Rxb8 Kxb8 39. Qf8+ Kc7 40.
Qc5+ Kb8 41. Qb6+ Kc8 42. Nh8 Qe8 43. Qa7 Kd8 44. Nxf7+ 1-0

[Event "España ch 2010 sub18"]
[Site "Linares ESP"]
[Date "2010.07.27"]
[Round "3.9"]
[White "Salido Polo, Veronica"]
[Black "Cruz Lledo, Pablo"]
[Result "1-0"]
[WhiteElo "1984"]
[BlackElo "2239"]
[PlyCount "63"]
[EventDate "2010.07.26"]
[EventType "swiss"]
[EventRounds "9"]
[EventCountry "ESP"]
[Source "lmi"]
[SourceDate "2010.07.26"]

1. e4 g6 2. d4 c6 3. Nc3 d5 4. Nf3 Bg4 5. exd5 cxd5 6. Bb5+ Nc6 7. Be3 Nf6 8.
h3 Bd7 9. O-O Bg7 10. Qd2 O-O 11. Bh6 Ne4 12. Nxe4 dxe4 13. Bxg7 Kxg7 14. Ng5
Bf5 15. f3 Nxd4 16. fxe4 h6 17. exf5 hxg5 18. Bd3 Qb6 19. Kh1 g4 20. fxg6 f6
21. Qe1 Nc6 22. Rf4 gxh3 23. Rh4 hxg2+ 24. Kxg2 Rh8 25. Rxh8 Rxh8 26. Qe6 Rh4
27. Qf7+ Kh6 28. Rh1 Rxh1 29. Kxh1 Ne5 30. Qh7+ Kg5 31. g7 Qc6+ 32. Be4 1-0

[Event "España ch 2010 sub18"]
[Site "Linares ESP"]
[Date "2010.07.27"]
[Round "3.10"]
[White "Alonso Rosell, Alvar"]
[Black "Silva Rodriguez, Julio"]
[Result "1-0"]
[WhiteElo "2521"]
[BlackElo "2126"]
[PlyCount "99"]
[EventDate "2010.07.26"]
[EventType "swiss"]
[EventRounds "9"]
[EventCountry "ESP"]
[Source "lmi"]
[SourceDate "2010.07.26"]

1. d4 Nf6 2. c4 e6 3. g3 d5 4. Bg2 Be7 5. Nf3 O-O 6. O-O b6 7. Ne5 Bb7 8. Qa4
Qe8 9. Qc2 Nc6 10. Rd1 Nb4 11. Qb3 dxc4 12. Qxc4 Bxg2 13. Kxg2 c5 14. dxc5 Nc6
15. Ng4 Na5 16. Nxf6+ Bxf6 17. Qe4 bxc5 18. Qc2 Rc8 19. Nd2 Be7 20. Nf3 Nc6 21.
Qc4 Bf6 22. Rb1 Nd4 23. Be3 e5 24. Nd2 Qc6+ 25. f3 Nf5 26. Bf2 Nd6 27. Qc2 Rfe8
28. e4 Nb5 29. Nc4 Nd4 30. Qc3 Bd8 31. b3 f6 32. Ne3 Qa6 33. Rbc1 Kh8 34. Qc4
Qxc4 35. Rxc4 Bb6 36. Nd5 Rcd8 37. g4 Kg8 38. Bxd4 exd4 39. Nf4 g6 40. Nd3 f5
41. gxf5 gxf5 42. e5 Kf7 43. f4 Rg8+ 44. Kf3 Rg4 45. Nxc5 Bxc5 46. Rxc5 d3 47.
Rc7+ Kg6 48. h3 Rh4 49. Rg1+ Kh6 50. Rc6+ 1-0

[Event "España ch 2010 sub18"]
[Site "Linares ESP"]
[Date "2010.07.27"]
[Round "3.11"]
[White "Espinosa Aranda, Angel"]
[Black "Alvarado Diaz, Alejandro"]
[Result "1-0"]
[WhiteElo "2397"]
[BlackElo "2068"]
[PlyCount "136"]
[EventDate "2010.07.26"]
[EventType "swiss"]
[EventRounds "9"]
[EventCountry "ESP"]
[Source "lmi"]
[SourceDate "2010.07.26"]

1. e4 Nf6 2. e5 Nd5 3. c4 Nb6 4. d4 d6 5. exd6 cxd6 6. Nc3 g6 7. Be3 Bg7 8. Rc1
O-O 9. b3 e5 10. dxe5 dxe5 11. Qxd8 Rxd8 12. c5 N6d7 13. Bc4 Nc6 14. Nf3 Na5
15. Be2 b6 16. Na4 Nxc5 17. Nxc5 bxc5 18. Rxc5 Nb7 19. Rc7 Rd7 20. Rxd7 Bxd7
21. O-O a5 22. a4 Be6 23. Ng5 Nd8 24. Bf3 Rb8 25. Nxe6 Nxe6 26. Bd5 Nd4 27. Kh1
Bf8 28. Rc1 Rd8 29. Bc4 Kg7 30. g3 Bb4 31. Rd1 Rd6 32. f4 f6 33. fxe5 fxe5 34.
Rf1 Nf5 35. Bc1 h5 36. Bb2 Kf6 37. h3 Rd2 38. Bc1 Rd4 39. Be3 Re4 40. Bf2 Bc3
41. Kg2 Kg7 42. Kf3 Nd6 43. Bd5 Rb4 44. Bc5 Rb8 45. Bxd6 Rd8 46. Rc1 Rxd6 47.
Rxc3 Rxd5 48. Ke4 Rd7 49. Kxe5 Rb7 50. Kd4 Kf6 51. Rc6+ Kf7 52. Kc3 Re7 53. Rd6
Re3+ 54. Rd3 Re4 55. Kd2 Rb4 56. Rf3+ Ke6 57. Kc3 h4 58. gxh4 Rxh4 59. Kb2 Re4
60. Ka3 Rh4 61. Rg3 Kf6 62. Rc3 Rh5 63. b4 axb4+ 64. Kxb4 Ke6 65. a5 Kd7 66. a6
Kd6 67. a7 Rh8 68. Kb5 Kd5 1-0

[Event "España ch 2010 sub18"]
[Site "Linares ESP"]
[Date "2010.07.27"]
[Round "3.12"]
[White "Pardo Simon, David"]
[Black "Vila Gonzalez, Daniel"]
[Result "1-0"]
[WhiteElo "2354"]
[BlackElo "2094"]
[PlyCount "69"]
[EventDate "2010.07.26"]
[EventType "swiss"]
[EventRounds "9"]
[EventCountry "ESP"]
[Source "lmi"]
[SourceDate "2010.07.26"]

1. e4 c5 2. Nc3 Nc6 3. Bb5 Nd4 4. Bc4 e6 5. Nf3 a6 6. Nxd4 cxd4 7. Ne2 Qc7 8.
d3 Bc5 9. a3 Ne7 10. b4 Ba7 11. Bb2 d5 12. exd5 exd5 13. Bb3 Qe5 14. O-O Be6
15. Qd2 O-O 16. Rae1 Qf6 17. Qf4 Nf5 18. Qf3 Rad8 19. Ng3 Rd7 20. Nh5 Qd8 21.
Ng3 Qg5 22. Nxf5 Qxf5 23. Qxf5 Bxf5 24. h3 h5 25. Re5 Be6 26. Rxh5 f6 27. Re1
Bf7 28. Rf5 Kh7 29. Rf4 Be8 30. Bxd4 Bb8 31. Rf3 Bg6 32. Rfe3 Rfd8 33. Re7 Kh6
34. Bb6 Rxe7 35. Rxe7 1-0

[Event "España ch 2010 sub18"]
[Site "Linares ESP"]
[Date "2010.07.27"]
[Round "3.13"]
[White "Marcos Pinto, Luis"]
[Black "Gonzalez Laso, Adrian"]
[Result "1-0"]
[WhiteElo "2240"]
[BlackElo "2026"]
[PlyCount "91"]
[EventDate "2010.07.26"]
[EventType "swiss"]
[EventRounds "9"]
[EventCountry "ESP"]
[Source "lmi"]
[SourceDate "2010.07.26"]

1. e4 c5 2. Nf3 e6 3. d4 cxd4 4. Nxd4 a6 5. Nc3 Qc7 6. Be2 Nf6 7. O-O d6 8. Be3
Be7 9. Kh1 O-O 10. f4 Nbd7 11. Bf3 Rb8 12. a4 Nb6 13. g4 Bd7 14. g5 Ne8 15. Qe1
Nc4 16. Bc1 b5 17. b3 Qc5 18. bxc4 Qxd4 19. cxb5 axb5 20. axb5 Qc4 21. Be2 Qc8
22. Be3 Bd8 23. Qd2 d5 24. e5 g6 25. Rfb1 Ng7 26. Bd3 Bb6 27. Ne2 Qb7 28. Kg1
Rfc8 29. Rb3 Ra8 30. Ra6 Bxe3+ 31. Qxe3 Nf5 32. Qb6 Qxb6+ 33. Rxb6 Ne3 34. Rb7
Be8 35. b6 d4 36. Ra7 Rab8 37. Nxd4 Nd5 38. b7 Rd8 39. Bb5 Nc7 40. c3 Bxb5 41.
Nxb5 Nd5 42. c4 Nxf4 43. c5 Kg7 44. c6 Rd1+ 45. Kf2 Rbd8 46. Nd6 1-0

[Event "España ch 2010 sub18"]
[Site "Linares ESP"]
[Date "2010.07.27"]
[Round "3.14"]
[White "Perera Borrego, Mariela"]
[Black "Pruja Ramirez De Cartagena, Marc"]
[Result "0-1"]
[WhiteElo "2068"]
[BlackElo "2228"]
[PlyCount "100"]
[EventDate "2010.07.26"]
[EventType "swiss"]
[EventRounds "9"]
[EventCountry "ESP"]
[Source "lmi"]
[SourceDate "2010.07.26"]

1. d4 Nf6 2. Nf3 g6 3. c3 Bg7 4. Bg5 O-O 5. Nbd2 d5 6. e3 Nbd7 7. Be2 Re8 8. b4
e5 9. Nb3 h6 10. Bh4 g5 11. Bg3 Ne4 12. Rc1 Nxg3 13. hxg3 c6 14. a4 e4 15. Nfd2
f5 16. c4 Qe7 17. cxd5 cxd5 18. Nc5 Nf6 19. Qb3 Kh7 20. Qc3 Qd6 21. Ncb3 Bd7
22. Qc5 Qe6 23. b5 b6 24. Qb4 f4 25. Nf1 Bf8 26. Qd2 fxg3 27. Nxg3 Bd6 28. Nh5
Nxh5 29. Bxh5 Rf8 30. Rc2 Qe7 31. Qe2 Qe6 32. Kd2 Bb4+ 33. Kc1 Qd6 34. Kb1 a6
35. Bg4 axb5 36. Bxd7 Qxd7 37. Qxb5 Qxb5 38. Rc7+ Kg6 39. axb5 Rxf2 40. Rc6+
Kf5 41. Nc1 Ra5 42. Rhxh6 Rxg2 43. Rc2 Rxc2 44. Kxc2 Rxb5 45. Ne2 Kg4 46. Nc1
Kf3 47. Rh3+ Kg2 48. Rh5 g4 49. Ne2 Kf3 50. Nf4 Kxe3 0-1

[Event "España ch 2010 sub18"]
[Site "Linares ESP"]
[Date "2010.07.27"]
[Round "3.15"]
[White "Martinez Ramirez, Erik"]
[Black "Arnedo Ruiz, Alberto"]
[Result "1-0"]
[WhiteElo "2216"]
[BlackElo "1979"]
[PlyCount "117"]
[EventDate "2010.07.26"]
[EventType "swiss"]
[EventRounds "9"]
[EventCountry "ESP"]
[Source "lmi"]
[SourceDate "2010.07.26"]

1. e4 c6 2. d4 d5 3. Nc3 dxe4 4. Nxe4 Bf5 5. Ng3 Bg6 6. h4 h6 7. Nf3 Nd7 8. h5
Bh7 9. Bd3 Bxd3 10. Qxd3 Qc7 11. Bd2 e6 12. O-O-O Ngf6 13. Ne4 O-O-O 14. g3 Nc5
15. Nxc5 Bxc5 16. c4 Bd6 17. Bc3 c5 18. Qe2 cxd4 19. Nxd4 a6 20. Nb3 Qc6 21.
Bxf6 gxf6 22. Kb1 Rhe8 23. Rh4 Bc5 24. Nxc5 Qxc5 25. Rhh1 Qf5+ 26. Ka1 Qc5 27.
a3 a5 28. Ka2 Rg8 29. b3 Kc7 30. Qf3 Qe5 31. Rhe1 Rd2+ 32. Rxd2 Qxe1 33. Qf4+
e5 34. Qxh6 Rh8 35. Qe3 Qxe3 36. fxe3 Rxh5 37. Rf2 f5 38. b4 axb4 39. axb4 Rg5
40. Kb3 Rxg3 41. Rxf5 Rxe3+ 42. Ka4 Kb6 43. Rf6+ Ka7 44. Rxf7 Re1 45. Kb5 Ra1
46. Re7 Ra6 47. Rxe5 Rh6 48. Re7 Kb8 49. c5 Rg6 50. Rd7 Kc8 51. Rd6 Rg1 52. Kb6
Ra1 53. b5 Rg1 54. Rh6 Rb1 55. Rh8+ Kd7 56. Rh7+ Kc8 57. Rc7+ Kd8 58. Rxb7 Rh1
59. Rb8+ 1-0

[Event "España ch 2010 sub18"]
[Site "Linares ESP"]
[Date "2010.07.28"]
[Round "4.1"]
[White "Arribas Lopez, Angel"]
[Black "Chueca Forcen, Alberto"]
[Result "1-0"]
[WhiteElo "2442"]
[BlackElo "2280"]
[PlyCount "139"]
[EventDate "2010.07.26"]
[EventType "swiss"]
[EventRounds "9"]
[EventCountry "ESP"]
[Source "lmi"]
[SourceDate "2010.07.26"]

1. c4 e5 2. g3 Nc6 3. Bg2 g6 4. Nc3 Bg7 5. Nf3 d6 6. d3 f5 7. O-O h6 8. Rb1 Nf6
9. Nd2 O-O 10. b4 g5 11. b5 Ne7 12. Qb3 f4 13. Ba3 Nf5 14. c5+ Rf7 15. cxd6
cxd6 16. Nde4 Nxe4 17. Bxe4 Nd4 18. Qb2 Be6 19. Nd5 f3 20. exf3 Nxf3+ 21. Kh1
g4 22. Rbc1 Bf5 23. Ne3 Bxe4 24. dxe4 Qg5 25. Qe2 Rd8 26. Rcd1 Nd4 27. Qxg4
Qxg4 28. Nxg4 Nxb5 29. Bb2 Rc8 30. Ne3 Bf8 31. Rd3 a6 32. f4 exf4 33. gxf4 Rfc7
34. Rb3 Nc3 35. Rg1+ Kf7 36. Bxc3 Rxc3 37. Rxb7+ R8c7 38. Rgb1 Rxb7 39. Rxb7+
Kg8 40. Nd5 Rc1+ 41. Kg2 Bg7 42. Rc7 Rd1 43. Rc2 Bd4 44. Kf3 h5 45. Rc6 Rd3+
46. Ke2 Rh3 47. Rxd6 a5 48. Ne7+ Kf7 49. Rxd4 Rxh2+ 50. Ke3 Kxe7 51. Ra4 Rh3+
52. Kd4 h4 53. Rxa5 Rf3 54. Ke5 h3 55. Ra7+ Ke8 56. Rh7 Ra3 57. Kf5 Rxa2 58.
Rxh3 Kf7 59. Rh7+ Kg8 60. Rb7 Ra6 61. e5 Rh6 62. e6 Kf8 63. Ke5 Rh1 64. f5 Rc1
65. Rb8+ Kg7 66. f6+ Kg6 67. Rg8+ Kh7 68. f7 Re1+ 69. Kd6 Re2 70. Rg1 1-0